000 00548nam a2200181Ia 4500
005 20251015145405.0
008 231207s9999 xx 000 0 und d
020 _a9788124603680
040 _cPK-LaNCA
082 _a786.93
_bSAX
100 _aSaxena, Sudhir Kumar
245 4 _aThe art of tabla rhythm: essentials, tradition and creativity
_cSudhir Kumar Saxena
260 _bD.K. Printworld
_aNew Delhi
_c2006
300 _axv, 184p
546 _aEnglish
650 _aTabla--Methods. Musical meter and rhythm--India. Music.
942 _cMUSIC
999 _c26257
_d26257